Представление документа в формате RUSMARC

ПолеНазваниеЗначение
  Тип записи a
  Библиографический уровень m
001 Контрольный номер efb5cfb443a042a9b759e1902f0f38a3
005 Дата корректировки 20140605140034.0
010 Индекс ISBN __
a ISBN 5-86476-223-7
101 Язык документа 0_
a Язык текста rus
102 Страна публикации __
a Страна публикации RU
200 Заглавие и сведения об ответственности 1_
a Заглавие Инвестиционный потенциал экономики: механизмы формирования и использования
f Первые сведения об ответственности В. Ю. Катасонов
210 Выходные данные 1_
c Издательство Анкил
a Место издания М.
d Дата издания 2005
215 Физическое описание __
a Объем 325, [3] с.
610 Ключевые слова 0_
a Ключевые слова Россия
610 Ключевые слова 0_
a Ключевые слова экономика России
610 Ключевые слова 0_
a Ключевые слова инвестиции
610 Ключевые слова 0_
a Ключевые слова инвестиционный потенциал
610 Ключевые слова 0_
a Ключевые слова движение капитала
610 Ключевые слова 0_
a Ключевые слова иностранные банки
610 Ключевые слова 0_
a Ключевые слова кредитование
610 Ключевые слова 0_
a Ключевые слова рынок капитала
610 Ключевые слова 0_
a Ключевые слова финансовые услуги
686 Индексы других классификаций __
a Классификационный индекс 65.9(2)-56
2 Код системы rubbk
700 Автор _1
a Фамилия Катасонов
b Имя В. Ю.
g Полное личное имя Валентин Юрьевич
801 Источник записи _0
a Страна RU
b Организация РУК
c Дата составления 20060112
g Правила каталогизации PSBO
801 Источник записи _1
a Страна RU
b Организация РУК
c Дата составления 20060112
g Правила каталогизации PSBO
852 Данные о местонахождении __
i Авторский знак К 29
j Шифр хранения ББК 65.9(2)
901 Тип документа __
t Тип документа m
938 Служебная информация __
a Название организации Головной вуз
b Имя БД BOOK
c Название АИБС АИБС ИРБИС